Nueve días con el siervo de Dios Mario Hiriart

Guardat en:
Dades bibliogràfiques
Autor principal: Alliende Luco, Joaquín (Autor)
Format: Llibre
Idioma:espanyol
Publicat: Santiago Fundación Mario Hiriart 1998
Edició:1a. ed
Matèries:
Etiquetes: Afegir etiqueta
Sense etiquetes, Sigues el primer a etiquetar aquest registre!

MARC

LEADER 00000cam a2200000 a 4500
001 UCC0080
003 CL-VaPUC
008 170721e19980000cl |||||||||||||||||spa|d
020 |a 9567720029 
082 0 4 |a 268.6  |b ALL  |2 21 
100 0 |a Alliende Luco, Joaquín  |e author  |9 593998 
245 1 0 |a Nueve días con el siervo de Dios Mario Hiriart 
250 |a 1a. ed 
300 |a 63 p 
942 |c BK 
945 |d 20170721 23:47:00  |a dcastane 
260 |a Santiago  |b Fundación Mario Hiriart  |c 1998 
650 0 |a Catecismo  |9 333878 
650 7 |a RELIGIOSIDAD  |2 CL-VaPUC  |9 394694 
650 0 |a Vida religiosa  |9 257284 
583 |a last modification  |c 20170721 23:47:00  |k Rodrigo Vera 
999 |c 369030  |d 369028 
952 |0 0  |1 0  |3 erb  |4 0  |6 268_600000000000000_ALL_1998  |7 0  |8 X  |9 484555  |a FDOBUD  |b FDOBUD  |i 5407273  |o 268.6 ALL 1998  |p 5407273  |r 2019-11-24  |w 2019-11-24  |y BK_X  |z Catalogado en:20170721  |k BUD